A living constiutuion : (Record no. 354849)
[ view plain ]
| 000 -LEADER | |
|---|---|
| fixed length control field | 00304nam a2200097Ia 4500 |
| 008 - FIXED-LENGTH DATA ELEMENTS--GENERAL INFORMATION | |
| fixed length control field | 180205s9999 xx 000 0 und d |
| 100 ## - MAIN ENTRY--PERSONAL NAME | |
| Personal name | Bernas, Joaquin G. |
| 245 #2 - TITLE STATEMENT | |
| Title | A living constiutuion : |
| Remainder of title | The Ramos presidency |
| 260 ## - PUBLICATION, DISTRIBUTION, ETC. (IMPRINT) | |
| Place of publication, distribution, etc | Manila, Philippines |
| Name of publisher, distributor, etc | Capitol publishing house |
| Date of publication, distribution, etc | 2003 |
| 300 ## - PHYSICAL DESCRIPTION | |
| Extent | v, 931 pages |
| Withdrawn status | Lost status | Damaged status | Home library | Current library | Shelving location | Date acquired | Source of acquisition | Total Checkouts | Full call number | Barcode | Date last seen | Price effective from | Koha item type |
|---|---|---|---|---|---|---|---|---|---|---|---|---|---|
| College Library | College Library | Filipiniana Section | 02/05/2018 | Library Fund | DS 686.614 .B253 2003 | C15882 | 05/08/2018 | 02/05/2018 | Books |